| 000 | 00438nam a2200169Ia 4500 | ||
|---|---|---|---|
| 008 | 220214s9999 xx 000 0 und d | ||
| 100 | _aJacob Jean-Louis | ||
| 245 | 4 | _aThe Hevea tree: A natural rubber factory | |
| 260 |
_bLa Reccherche _c1995 |
||
| 300 | _a538-545 | ||
| 520 | _a(Translated from French) | ||
| 700 | _aD'Auzac JeanD | ||
| 700 | _aJean Prevot et | ||
| 700 | _aJean-Claude | ||
| 700 | _aSerier Baptise | ||
| 942 | _cRE | ||
| 999 |
_c45832 _d45832 |
||